Nghìn lẻ một đêm = Les milles et une nuit (trọn bộ 6 tập)
Gardado en:
| Formato: | Libro |
|---|---|
| Idioma: | Undetermined |
| Publicado: |
Hà Nội
Văn Học
2001
|
| Những chủ đề: | |
| Các nhãn: |
Engadir etiqueta
Sen Etiquetas, Sexa o primeiro en etiquetar este rexistro!
|
| Thư viện lưu trữ: | Trung tâm Học liệu Trường Đại học Cần Thơ |
|---|
| LEADER | 00573nam a2200205Ia 4500 | ||
|---|---|---|---|
| 001 | CTU_43692 | ||
| 008 | 210402s9999 xx 000 0 und d | ||
| 020 | |c 45000 | ||
| 082 | |a 398.2093948 | ||
| 082 | |b Ngh311/T.4 | ||
| 245 | 0 | |a Nghìn lẻ một đêm = | |
| 245 | 0 | |b Les milles et une nuit (trọn bộ 6 tập) | |
| 245 | 0 | |c Phan Quang (dịch) | |
| 260 | |a Hà Nội | ||
| 260 | |b Văn Học | ||
| 260 | |c 2001 | ||
| 650 | |a Fairy tales | ||
| 650 | |z Arap countries | ||
| 910 | |a Huỳnh Mai | ||
| 980 | |a Trung tâm Học liệu Trường Đại học Cần Thơ | ||